[Event "DEN-chT 0607"]
[Site "Denmark"]
[Date "2006.11.04"]
[Round "1.5"]
[White "Brinck Claussen, Bjorn"]
[Black "Rasmussen, Henning Lau"]
[Result "1-0"]
[WhiteElo "2320"]
[BlackElo "2119"]
[PlyCount "91"]
[EventDate "2006.11.04"]
[EventType "team"]
[EventRounds "9"]
[EventCountry "DEN"]
[Source "ChessBase"]
[SourceDate "2007.02.01"]
[WhiteTeam "Bronshoj"]
[BlackTeam "Jetsmark"]
[WhiteTeamCountry "DEN"]
[BlackTeamCountry "DEN"]

1. e4 c6 2. d4 d5 3. Nc3 dxe4 4. Nxe4 Bf5 5. Ng3 Bg6 6. h4 h6 7. Nf3 Nd7 8. h5
Bh7 9. Bd3 Bxd3 10. Qxd3 Ngf6 11. Bf4 e6 12. O-O-O Nd5 13. Bd2 Nb4 14. Bxb4
Bxb4 15. Kb1 Qc7 16. Qe2 O-O-O 17. c4 Bd6 18. Ne4 Nf6 19. c5 Nxe4 20. Qxe4 Be7
21. Ne5 Bf6 22. Nc4 Kb8 23. Nd6 Rdf8 24. Rh3 Be7 25. Nc4 Rd8 26. Rhd3 Rd5 27.
Qg4 Rhd8 28. Ne3 R5d7 29. f4 Bf8 30. Rc1 Re7 31. Rc4 Qa5 32. Nc2 Rd5 33. Nb4
Qc7 34. Rb3 Ka8 35. Qf3 Rd8 36. Nd3 Qc8 37. Ra4 Red7 38. Qe3 Rd5 39. Ne5 f6 40.
Nc4 Kb8 41. Na5 R8d7 42. Qxe6 Rxc5 43. Nxb7 Rb5 44. Na5 Rd6 45. Qf7 Rxb3 46.
Qxb3+ 1-0

[Event "DEN-chT 0607"]
[Site "Denmark"]
[Date "2006.11.04"]
[Round "1.6"]
[White "Helledie, Anders"]
[Black "Carstensen, Jacob"]
[Result "0-1"]
[WhiteElo "2118"]
[BlackElo "2277"]
[PlyCount "116"]
[EventDate "2006.11.04"]
[EventType "team"]
[EventRounds "9"]
[EventCountry "DEN"]
[Source "ChessBase"]
[SourceDate "2007.02.01"]
[WhiteTeam "Jetsmark"]
[BlackTeam "Bronshoj"]
[WhiteTeamCountry "DEN"]
[BlackTeamCountry "DEN"]

1. e4 c5 2. Nc3 d6 3. g3 Nc6 4. Bg2 g6 5. d3 Bg7 6. Be3 e6 7. Qd2 Nd4 8. Nd1
Nf6 9. c3 Nc6 10. Bh6 Bxh6 11. Qxh6 d5 12. Qg5 h6 13. Qe3 d4 14. Qd2 e5 15. Ne2
Bg4 16. f3 Be6 17. O-O Qd7 18. f4 O-O-O 19. c4 Ng4 20. fxe5 Ne3 21. Nxe3 dxe3
22. Qxe3 Qxd3 23. Qxd3 Rxd3 24. Nf4 Rd2 25. Nxe6 fxe6 26. Rf6 Nd4 27. Rxg6 Rxb2
28. Rf1 Rxa2 29. Bh3 Re2 30. Bxe6+ Nxe6 31. Rxe6 Rd8 32. Re7 Rd7 33. Rxd7 Kxd7
34. Rf7+ Kc6 35. Rf6+ Kd7 36. e6+ Kd6 37. Rxh6 Rxe4 38. e7+ Kd7 39. Kf2 Rxc4
40. Re6 Ke8 41. Ke3 Rc1 42. Kd3 b5 43. Ra6 c4+ 44. Kd2 Rb1 45. Kc2 Rh1 46. Kc3
Kxe7 47. Rxa7+ Kd6 48. Rh7 Rc1+ 49. Kb2 Rg1 50. Kc3 Rc1+ 51. Kb2 Rd1 52. g4 b4
53. Rb7 c3+ 54. Kc2 Rd2+ 55. Kc1 Kc5 56. Rc7+ Kb6 57. Rc8 Rxh2 58. g5 Rg2 0-1

[Event "DEN-chT 0607"]
[Site "Denmark"]
[Date "2006.11.04"]
[Round "1.7"]
[White "Palm, Nikolaj"]
[Black "Grubert, Christian"]
[Result "1-0"]
[WhiteElo "2268"]
[BlackElo "2020"]
[PlyCount "57"]
[EventDate "2006.11.04"]
[EventType "team"]
[EventRounds "9"]
[EventCountry "DEN"]
[Source "ChessBase"]
[SourceDate "2007.02.01"]
[WhiteTeam "Bronshoj"]
[BlackTeam "Jetsmark"]
[WhiteTeamCountry "DEN"]
[BlackTeamCountry "DEN"]

1. d4 c5 2. e3 g6 3. Nf3 Bg7 4. b3 cxd4 5. exd4 Nf6 6. Bb2 O-O 7. Bd3 Nc6 8.
O-O d6 9. Nbd2 Nb4 10. Be2 Bf5 11. Ne1 Qd7 12. h3 h5 13. Nc4 Nbd5 14. a4 Bh6
15. Bf3 Nf4 16. Bc1 Bxh3 17. Bxf4 Bxf4 18. Nd3 Bh6 19. gxh3 Qxh3 20. Bg2 Qh4
21. Ne1 d5 22. Nf3 Qf4 23. Nce5 Ng4 24. Nxg4 hxg4 25. Ne5 g3 26. Qd3 Kg7 27.
Rae1 gxf2+ 28. Rxf2 Qh4 29. Rxf7+ 1-0

[Event "DEN-chT 0607"]
[Site "Denmark"]
[Date "2006.11.04"]
[Round "1.8"]
[White "Hoffmann, Tobias Breinholt"]
[Black "Paaske, Asger"]
[Result "1-0"]
[WhiteElo "1947"]
[BlackElo "2123"]
[PlyCount "113"]
[EventDate "2006.11.04"]
[EventType "team"]
[EventRounds "9"]
[EventCountry "DEN"]
[Source "ChessBase"]
[SourceDate "2007.02.01"]
[WhiteTeam "Jetsmark"]
[BlackTeam "Bronshoj"]
[WhiteTeamCountry "DEN"]
[BlackTeamCountry "DEN"]

1. e4 c5 2. Nf3 Nc6 3. Bb5 Nf6 4. Nc3 Qc7 5. O-O Nd4 6. Re1 Ng4 7. h3 Nxf3+ 8.
Qxf3 Qh2+ 9. Kf1 Ne5 10. Qg3 Qxg3 11. fxg3 e6 12. d3 a6 13. Ba4 b5 14. Bb3 Bb7
15. Bf4 Ng6 16. a4 b4 17. Nd1 O-O-O 18. c3 Nxf4 19. gxf4 d5 20. e5 a5 21. Nf2
Ba6 22. c4 dxc4 23. Bxc4 Bxc4 24. dxc4 Rd4 25. Re4 Rd7 26. Ke2 Be7 27. Rd1 Rxd1
28. Kxd1 Rd8+ 29. Ke2 Kc7 30. b3 Kc6 31. Re3 Rd4 32. g3 h6 33. Rd3 Rxd3 34.
Kxd3 Kd7 35. Ke4 h5 36. Nd3 g6 37. g4 hxg4 38. hxg4 Kc6 39. f5 gxf5+ 40. gxf5
exf5+ 41. Kxf5 Kd7 42. Nf4 Bh4 43. Nd5 Bd8 44. Nf6+ Kc6 45. Ng8 Kd7 46. Nf6+
Kc6 47. Ne4 Be7 48. Ng5 Kd7 49. Nxf7 Bh4 50. Nd6 Bf2 51. Ne4 Bd4 52. Nf6+ Ke7
53. Nd5+ Kd7 54. Kf6 Bb2 55. Nf4 Bc3 56. Nd3 Bd4 57. Kf7 1-0

[Event "DEN-chT 0607"]
[Site "Denmark"]
[Date "2006.11.04"]
[Round "1.1"]
[White "Matthiesen, Martin"]
[Black "Hansen, Sune Berg"]
[Result "1/2-1/2"]
[WhiteElo "2342"]
[BlackElo "2566"]
[PlyCount "72"]
[EventDate "2006.11.04"]
[EventType "team"]
[EventRounds "9"]
[EventCountry "DEN"]
[Source "ChessBase"]
[SourceDate "2007.02.01"]
[WhiteTeam "SK 1968"]
[BlackTeam "Helsingor"]
[WhiteTeamCountry "DEN"]
[BlackTeamCountry "DEN"]

1. d4 Nf6 2. c4 e6 3. Nf3 d5 4. g3 Bb4+ 5. Bd2 Be7 6. Bg2 O-O 7. O-O c6 8. Qc2
b6 9. Rd1 Bb7 10. Nc3 Nbd7 11. Bf4 Nh5 12. Bc1 Nhf6 13. Bf4 Rc8 14. e4 dxc4 15.
a4 a6 16. Ne5 Nxe5 17. Bxe5 b5 18. Bh3 Qb6 19. Rd2 Rcd8 20. Rad1 Rfe8 21. Bg2
h6 22. h3 Qa5 23. Kh2 Qb6 24. Bf3 c5 25. d5 exd5 26. exd5 Nd7 27. Bf4 Bf6 28.
Ne4 Ne5 29. Bg2 Nd3 30. a5 Qxa5 31. Nxf6+ gxf6 32. Rxd3 cxd3 33. Qxc5 Rc8 34.
Qd4 Qd8 35. Bxh6 Rc4 36. Qxd3 Qd7 1/2-1/2

[Event "DEN-chT 0607"]
[Site "Denmark"]
[Date "2006.11.04"]
[Round "1.2"]
[White "Mortensen, Erling"]
[Black "Matthiesen, Arne"]
[Result "1-0"]
[WhiteElo "2477"]
[BlackElo "2338"]
[PlyCount "77"]
[EventDate "2006.11.04"]
[EventType "team"]
[EventRounds "9"]
[EventCountry "DEN"]
[Source "ChessBase"]
[SourceDate "2007.02.01"]
[WhiteTeam "Helsingor"]
[BlackTeam "SK 1968"]
[WhiteTeamCountry "DEN"]
[BlackTeamCountry "DEN"]

1. e4 e6 2. d4 d5 3. Nc3 dxe4 4. Nxe4 Nd7 5. Nf3 Ngf6 6. Nxf6+ Nxf6 7. Be3 Bd6
8. Bd3 Bd7 9. Qe2 Nd5 10. Bg5 Be7 11. Bd2 Nb4 12. Be4 Bc6 13. Bxb4 Bxb4+ 14. c3
Be7 15. Bxc6+ bxc6 16. O-O Bf6 17. Qa6 Qd6 18. Ne5 Bxe5 19. dxe5 Qxe5 20. Qxc6+
Ke7 21. Rad1 Rhd8 22. g3 Rab8 23. b4 Rb6 24. Qc4 Rbd6 25. Rde1 Qd5 26. Qh4+ g5
27. Qxh7 Ra6 28. Qg7 Qd2 29. Qe5 Rdd6 30. Re2 Qd5 31. Qg7 Rxa2 32. Rxa2 Qxa2
33. Qxg5+ Kf8 34. Qc5 Qd5 35. Qxc7 Rc6 36. Qxa7 Rxc3 37. Qa1 Rb3 38. Rd1 Qh5
39. Qd4 1-0

[Event "DEN-chT 0607"]
[Site "Denmark"]
[Date "2006.11.04"]
[Round "1.3"]
[White "Bank, Pelle Rodkjaer"]
[Black "Nielsen, Nicholas Roland"]
[Result "1/2-1/2"]
[WhiteElo "2260"]
[BlackElo "2158"]
[PlyCount "84"]
[EventDate "2006.11.04"]
[EventType "team"]
[EventRounds "9"]
[EventCountry "DEN"]
[Source "ChessBase"]
[SourceDate "2007.02.01"]
[WhiteTeam "SK 1968"]
[BlackTeam "Helsingor"]
[WhiteTeamCountry "DEN"]
[BlackTeamCountry "DEN"]

1. e4 c5 2. d3 Nc6 3. g3 g6 4. Bg2 Bg7 5. f4 e6 6. Nf3 Nge7 7. c3 O-O 8. Be3 d6
9. O-O b5 10. d4 cxd4 11. cxd4 Bb7 12. Bf2 Rc8 13. Re1 Qd7 14. Nc3 a6 15. Bh3
d5 16. e5 Rc7 17. a4 b4 18. Na2 Nc8 19. Nc1 Nb6 20. Nd3 Qe7 21. g4 Rfc8 22. f5
Bf8 23. Bh4 Qe8 24. Rc1 Na5 25. Rxc7 Rxc7 26. Bf6 Nxa4 27. Qe2 b3 28. Qf2 Rc2
29. Qh4 Nxb2 30. Ng5 h6 31. Bf1 Nac4 32. Nc5 Bc8 33. fxg6 fxg6 34. Nxb3 Nd2 35.
Nxd2 Rxd2 36. Rc1 Rxd4 37. Rc7 Rd1 38. Rh7 Rxf1+ 39. Kxf1 Qb5+ 40. Kg2 Qe2+ 41.
Kg3 Qe1+ 42. Kg2 Qe2+ 1/2-1/2

[Event "DEN-chT 0607"]
[Site "Denmark"]
[Date "2006.11.04"]
[Round "1.4"]
[White "Larsen, Ole Bogh"]
[Black "Lindfeldt, Jan Magnus"]
[Result "1/2-1/2"]
[WhiteElo "2226"]
[BlackElo "2210"]
[PlyCount "83"]
[EventDate "2006.11.04"]
[EventType "team"]
[EventRounds "9"]
[EventCountry "DEN"]
[Source "ChessBase"]
[SourceDate "2007.02.01"]
[WhiteTeam "Helsingor"]
[BlackTeam "SK 1968"]
[WhiteTeamCountry "DEN"]
[BlackTeamCountry "DEN"]

1. d4 Nf6 2. c4 g6 3. Nc3 Bg7 4. e4 O-O 5. Nf3 d6 6. Be2 e5 7. O-O Nc6 8. d5
Ne7 9. Ne1 Nd7 10. h3 f5 11. g4 Nf6 12. Nd3 c6 13. Be3 Kh8 14. Kh1 b5 15. Nb4
bxc4 16. Nxc6 Nxc6 17. dxc6 Be6 18. gxf5 gxf5 19. Bg5 Rc8 20. Qa4 Qb6 21. Bxc4
Bxc4 22. Qxc4 Rxc6 23. Qe2 Qb7 24. Rac1 Rfc8 25. Qd2 Rc4 26. Bxf6 Bxf6 27. Qxd6
R4c6 28. Qd2 Bg7 29. Nd5 Bh6 30. f4 Rxc1 31. Rxc1 Rxc1+ 32. Qxc1 fxe4 33. Qc4
exf4 34. Qd4+ Bg7 35. Qxe4 Qf7 36. Kg2 Bxb2 37. Nxf4 Qxa2 38. Qe8+ Kg7 39. Qe7+
Kh6 40. Qh4+ Kg7 41. Qe7+ Kh6 42. Qh4+ 1/2-1/2

[Event "DEN-chT 0607"]
[Site "Denmark"]
[Date "2006.11.04"]
[Round "1.5"]
[White "Hansen, Lars"]
[Black "Jorgensen, Michael"]
[Result "0-1"]
[WhiteElo "2217"]
[BlackElo "2201"]
[PlyCount "61"]
[EventDate "2006.11.04"]
[EventType "team"]
[EventRounds "9"]
[EventCountry "DEN"]
[Source "ChessBase"]
[SourceDate "2007.02.01"]
[WhiteTeam "SK 1968"]
[BlackTeam "Helsingor"]
[WhiteTeamCountry "DEN"]
[BlackTeamCountry "DEN"]

1. e4 e6 2. d3 d5 3. Nd2 Nf6 4. Ngf3 Be7 5. g3 c5 6. Bg2 Nc6 7. O-O b6 8. Re1
Bb7 9. c3 Qc7 10. Qe2 O-O-O 11. a3 Ba6 12. e5 Nd7 13. h4 h6 14. h5 g5 15. hxg6
fxg6 16. c4 g5 17. Bh3 h5 18. Bxe6 dxc4 19. Bxc4 Bb7 20. e6 Nf6 21. d4 h4 22.
d5 Nxd5 23. Ne4 hxg3 24. fxg3 Nf6 25. Nc3 Qxg3+ 26. Qg2 Qc7 27. Rf1 Nd4 28. Be3
Nxf3+ 29. Rxf3 Rh4 30. Be2 Rg4 31. Qxg4 0-1

[Event "DEN-chT 0607"]
[Site "Denmark"]
[Date "2006.11.04"]
[Round "1.6"]
[White "Dalsberg, Sandra de Blecourt"]
[Black "Hansen, Bjarne"]
[Result "0-1"]
[WhiteElo "2078"]
[BlackElo "2241"]
[PlyCount "60"]
[EventDate "2006.11.04"]
[EventType "team"]
[EventRounds "9"]
[EventCountry "DEN"]
[Source "ChessBase"]
[SourceDate "2007.02.01"]
[WhiteTeam "Helsingor"]
[BlackTeam "SK 1968"]
[WhiteTeamCountry "DEN"]
[BlackTeamCountry "DEN"]

1. d4 Nf6 2. c4 c5 3. d5 b5 4. cxb5 a6 5. b6 a5 6. Nc3 Ba6 7. b7 Ra7 8. Nf3 d6
9. g3 g6 10. Bg2 Bg7 11. O-O O-O 12. Re1 Nbd7 13. e4 Ng4 14. Bh3 h5 15. Bf1
Bxf1 16. Rxf1 Rxb7 17. Qe2 Qb6 18. Kg2 a4 19. h3 a3 20. hxg4 hxg4 21. Nd2 axb2
22. Bxb2 Qxb2 23. Rab1 Bxc3 24. Rxb2 Rxb2 25. Rd1 Ne5 26. Qe3 Bd4 27. Qh6 Rfb8
28. Nb3 Rxf2+ 29. Kh1 Nf3 30. Nxd4 cxd4 0-1

[Event "DEN-chT 0607"]
[Site "Denmark"]
[Date "2006.11.04"]
[Round "1.7"]
[White "Christensen, Thomas"]
[Black "Jensen, Ib"]
[Result "1-0"]
[WhiteElo "2271"]
[BlackElo "1982"]
[PlyCount "153"]
[EventDate "2006.11.04"]
[EventType "team"]
[EventRounds "9"]
[EventCountry "DEN"]
[Source "ChessBase"]
[SourceDate "2007.02.01"]
[WhiteTeam "SK 1968"]
[BlackTeam "Helsingor"]
[WhiteTeamCountry "DEN"]
[BlackTeamCountry "DEN"]

1. d4 Nf6 2. Bg5 e6 3. e3 Be7 4. Bd3 c5 5. c3 cxd4 6. exd4 b6 7. Qe2 Bb7 8. Nf3
d6 9. Nbd2 Nbd7 10. Nc4 O-O 11. Bf4 Qc7 12. O-O Rfe8 13. Rfe1 Nf8 14. Ng5 Qc6
15. f3 Nd5 16. Bd2 Qd7 17. Qf2 Qd8 18. Ne4 Ng6 19. f4 Nf6 20. Ng3 Nh4 21. Bf1
Rc8 22. Na3 Ng4 23. Qe2 Nh6 24. Nc2 N4f5 25. Ne4 Bh4 26. g3 Bf6 27. Bg2 Rc7 28.
g4 Bh4 29. Rf1 Ne7 30. g5 Nhf5 31. Qg4 Ba6 32. Rfd1 d5 33. Ng3 Bxg3 34. hxg3
Nd6 35. Be3 Nc4 36. Bc1 Nd6 37. Bf3 Ng6 38. Kg2 f5 39. gxf6 Qxf6 40. Nb4 Bc8
41. Qh5 Ne4 42. Rh1 h6 43. Nd3 Rf8 44. Be3 Ba6 45. Ne5 Nxe5 46. dxe5 Qf7 47.
Qh3 Nc5 48. Rad1 Bc4 49. Bg4 Re7 50. Bh5 Qf5 51. Qxf5 exf5 52. Bxc5 bxc5 53. b3
Ba6 54. Bf3 d4 55. cxd4 cxd4 56. Rxd4 Rc8 57. Rhd1 Rc2+ 58. R1d2 Rec7 59. a4
Kf8 60. b4 Bc8 61. b5 R7c4 62. a5 Ke7 63. Kf1 Be6 64. b6 axb6 65. axb6 Rxd2 66.
Rxd2 Rb4 67. b7 Bc4+ 68. Ke1 Ba6 69. Ra2 Rb1+ 70. Kd2 Bxb7 71. Ra7 Rb3 72.
Rxb7+ Rxb7 73. Bxb7 g5 74. Ke3 Ke6 75. Kd4 gxf4 76. gxf4 h5 77. Bc8+ 1-0

[Event "DEN-chT 0607"]
[Site "Denmark"]
[Date "2006.11.04"]
[Round "1.8"]
[White "Petersen, Age"]
[Black "Christensen, Henrik1"]
[Result "1/2-1/2"]
[WhiteElo "1953"]
[BlackElo "1970"]
[PlyCount "99"]
[EventDate "2006.11.04"]
[EventType "team"]
[EventRounds "9"]
[EventCountry "DEN"]
[Source "ChessBase"]
[SourceDate "2007.02.01"]
[WhiteTeam "Helsingor"]
[BlackTeam "SK 1968"]
[WhiteTeamCountry "DEN"]
[BlackTeamCountry "DEN"]

1. d4 Nf6 2. Nf3 g6 3. Nc3 Bg7 4. e4 d6 5. Be3 c6 6. Qd2 Qa5 7. Bd3 Ng4 8. Bf4
Nd7 9. h3 Ngf6 10. Bh6 O-O 11. Bxg7 Kxg7 12. O-O-O b5 13. Kb1 b4 14. Ne2 Nb6
15. h4 h5 16. e5 Ng4 17. Ng3 Rh8 18. exd6 Be6 19. a3 Nd5 20. Rde1 Nc3+ 21. Kc1
Na2+ 22. Kb1 Nc3+ 23. Kc1 Na2+ 24. Kb1 Qd5 25. b3 Nc3+ 26. Kc1 Qxd6 27. a4 Nd5
28. Ne5 c5 29. Ne4 Qb6 30. Nxc5 Nxe5 31. Nxe6+ fxe6 32. dxe5 Qd4 33. Qe2 Qa1+
34. Kd2 Qc3+ 35. Kc1 Rac8 36. Qe4 Rh6 37. Rh3 Qxb3 38. Rg3 Qa3+ 39. Kd2 Nc3 40.
Rxg6+ Rxg6 41. Qxg6+ Kf8 42. Qxe6 Rc5 43. Qb3 a5 44. Re3 Qa1 45. Rf3+ Ke8 46.
Qg8+ Kd7 47. Bf5+ Kc7 48. Qc8+ Kb6 49. Qd8+ Rc7 50. Qb8+ 1/2-1/2

[Event "DEN-chT 0607"]
[Site "Denmark"]
[Date "2006.11.04"]
[Round "1.1"]
[White "Nielsen, Peter Heine"]
[Black "Hector, Jonny"]
[Result "1/2-1/2"]
[WhiteElo "2655"]
[BlackElo "2508"]
[PlyCount "71"]
[EventDate "2006.11.04"]
[EventType "team"]
[EventRounds "9"]
[EventCountry "DEN"]
[Source "ChessBase"]
[SourceDate "2007.02.01"]
[WhiteTeam "Helsinge"]
[BlackTeam "Nordkalotten"]
[WhiteTeamCountry "DEN"]
[BlackTeamCountry "DEN"]

1. d4 d5 2. c4 c6 3. Nf3 Nf6 4. e3 Bf5 5. Nc3 e6 6. Nh4 Be4 7. f3 Bg6 8. Qb3
Qb6 9. Nxg6 hxg6 10. Bd2 Nbd7 11. O-O-O Be7 12. Kb1 Rc8 13. g4 g5 14. Bg2 Qxb3
15. axb3 Nf8 16. e4 Ng6 17. Bxg5 Nxe4 18. fxe4 Bxg5 19. exd5 cxd5 20. cxd5 Nf4
21. Be4 exd5 22. Nxd5 Nxd5 23. Bxd5 Rc7 24. Rd3 Ke7 25. Rf3 f6 26. Bc4 Kd6 27.
Re1 Re7 28. Rxe7 Kxe7 29. h3 Rd8 30. Rd3 Kd6 31. b4 Rc8 32. Bf7 Rc7 33. Bg8 Rc8
34. Bf7 Rc7 35. Bg8 Rc8 36. Bf7 1/2-1/2

[Event "DEN-chT 0607"]
[Site "Denmark"]
[Date "2006.11.04"]
[Round "1.2"]
[White "Brynell, Stellan"]
[Black "Schandorff, Lars"]
[Result "1/2-1/2"]
[WhiteElo "2497"]
[BlackElo "2539"]
[PlyCount "42"]
[EventDate "2006.11.04"]
[EventType "team"]
[EventRounds "9"]
[EventCountry "DEN"]
[Source "ChessBase"]
[SourceDate "2007.02.01"]
[WhiteTeam "Nordkalotten"]
[BlackTeam "Helsinge"]
[WhiteTeamCountry "DEN"]
[BlackTeamCountry "DEN"]

1. d4 Nf6 2. c4 e6 3. Nf3 d5 4. Nc3 Bb4 5. Bg5 Nbd7 6. cxd5 exd5 7. e3 c5 8.
Qc2 O-O 9. Bd3 h6 10. Bh4 c4 11. Bh7+ Kh8 12. Bf5 Nb6 13. Bxc8 Rxc8 14. O-O Be7
15. Ne5 Nfd7 16. Bxe7 Qxe7 17. f4 Nxe5 18. fxe5 f6 19. Rf5 fxe5 20. Rxe5 Qf7
21. Qe2 Rce8 1/2-1/2

[Event "DEN-chT 0607"]
[Site "Denmark"]
[Date "2006.11.04"]
[Round "1.3"]
[White "Berg, Emanuel"]
[Black "Kristensen, Kaare Hove"]
[Result "1-0"]
[WhiteElo "2582"]
[BlackElo "2316"]
[PlyCount "45"]
[EventDate "2006.11.04"]
[EventType "team"]
[EventRounds "9"]
[EventCountry "DEN"]
[Source "ChessBase"]
[SourceDate "2007.02.01"]
[WhiteTeam "Helsinge"]
[BlackTeam "Nordkalotten"]
[WhiteTeamCountry "DEN"]
[BlackTeamCountry "DEN"]

1. e4 c5 2. Nf3 d6 3. d4 cxd4 4. Nxd4 Nf6 5. Nc3 a6 6. Bg5 e6 7. f4 Be7 8. Qf3
Qc7 9. O-O-O Nbd7 10. Bd3 b5 11. Rhe1 Bb7 12. Qg3 b4 13. Nd5 exd5 14. exd5 Kd8
15. Nc6+ Bxc6 16. dxc6 Nb6 17. Bh4 Bf8 18. Qf3 d5 19. Be4 Kc8 20. Bxd5 Bd6 21.
Bxf7 Qxf7 22. Rxd6 Qxa2 23. Re7 1-0

[Event "DEN-chT 0607"]
[Site "Denmark"]
[Date "2006.11.04"]
[Round "1.4"]
[White "Ejsing, Esben"]
[Black "Hutters, Tomas"]
[Result "0-1"]
[WhiteElo "2275"]
[BlackElo "2426"]
[PlyCount "52"]
[EventDate "2006.11.04"]
[EventType "team"]
[EventRounds "9"]
[EventCountry "DEN"]
[Source "ChessBase"]
[SourceDate "2007.02.01"]
[WhiteTeam "Nordkalotten"]
[BlackTeam "Helsinge"]
[WhiteTeamCountry "DEN"]
[BlackTeamCountry "DEN"]

1. f4 d5 2. Nf3 g6 3. g3 Bg7 4. Bg2 Nh6 5. O-O O-O 6. d3 d4 7. c3 c5 8. e4 dxe3
9. Bxe3 Qb6 10. b4 Na6 11. Ne5 Bxe5 12. fxe5 Ng4 13. Bf4 cxb4+ 14. d4 f6 15.
Bd5+ Be6 16. Bxe6+ Qxe6 17. exf6 Nxf6 18. Re1 Qc4 19. Nd2 Qxc3 20. Ne4 Qc4 21.
Be5 Nxe4 22. Rxe4 Nc5 23. Re3 Ne6 24. Qg4 Rf5 25. Rae1 Raf8 26. R3e2 Ng5 0-1

[Event "DEN-chT 0607"]
[Site "Denmark"]
[Date "2006.11.04"]
[Round "1.5"]
[White "Bekker Jensen, Simon"]
[Black "Nielsen, Lars Aaes"]
[Result "0-1"]
[WhiteElo "2372"]
[BlackElo "2221"]
[PlyCount "60"]
[EventDate "2006.11.04"]
[EventType "team"]
[EventRounds "9"]
[EventCountry "DEN"]
[Source "ChessBase"]
[SourceDate "2007.02.01"]
[WhiteTeam "Helsinge"]
[BlackTeam "Nordkalotten"]
[WhiteTeamCountry "DEN"]
[BlackTeamCountry "DEN"]

1. d4 e6 2. c4 b6 3. a3 Nf6 4. Nc3 d5 5. Bg5 Be7 6. Nf3 O-O 7. e3 Bb7 8. b4
dxc4 9. Bxc4 c5 10. bxc5 bxc5 11. O-O cxd4 12. exd4 Nbd7 13. Qe2 Qa5 14. Nb5
Bxf3 15. gxf3 Rac8 16. a4 Nb6 17. Bd3 a6 18. Bxf6 gxf6 19. Kh1 Nd5 20. Qe4 f5
21. Qe5 Bf6 22. Qg3+ Kh8 23. Nd6 Rc3 24. Rg1 Qc7 25. Rg2 Ne7 26. Rd1 Ng6 27.
Nc4 Rxc4 28. Bxc4 Qxc4 29. d5 Nf4 30. d6 Nxg2 0-1

[Event "DEN-chT 0607"]
[Site "Denmark"]
[Date "2006.11.04"]
[Round "1.6"]
[White "Jakobsen, Peter"]
[Black "Nilssen, John Arni"]
[Result "0-1"]
[WhiteElo "2206"]
[BlackElo "2377"]
[PlyCount "48"]
[EventDate "2006.11.04"]
[EventType "team"]
[EventRounds "9"]
[EventCountry "DEN"]
[Source "ChessBase"]
[SourceDate "2007.02.01"]
[WhiteTeam "Nordkalotten"]
[BlackTeam "Helsinge"]
[WhiteTeamCountry "DEN"]
[BlackTeamCountry "DEN"]

1. c4 e6 2. g3 Nf6 3. Bg2 c5 4. Nf3 Qc7 5. O-O a6 6. Nc3 Be7 7. b3 b6 8. d4
cxd4 9. Qxd4 Bb7 10. Rd1 Nc6 11. Qf4 d6 12. Ba3 Rd8 13. Rac1 Qb8 14. e4 O-O 15.
Rd2 Ba8 16. Bf1 Ne5 17. Nd4 Nfg4 18. Rdd1 f5 19. exf5 Qb7 20. f3 Bg5 21. Qe4
Be3+ 22. Kg2 Qf7 23. Qb1 Qh5 24. h3 Nf2 0-1

[Event "DEN-chT 0607"]
[Site "Denmark"]
[Date "2006.11.04"]
[Round "1.7"]
[White "Bekker Jensen, David"]
[Black "Lilja, Richard"]
[Result "1/2-1/2"]
[WhiteElo "2276"]
[BlackElo "2069"]
[PlyCount "116"]
[EventDate "2006.11.04"]
[EventType "team"]
[EventRounds "9"]
[EventCountry "DEN"]
[Source "ChessBase"]
[SourceDate "2007.02.01"]
[WhiteTeam "Helsinge"]
[BlackTeam "Nordkalotten"]
[WhiteTeamCountry "DEN"]
[BlackTeamCountry "DEN"]

1. d4 g6 2. g3 Bg7 3. Bg2 d6 4. Nf3 Nf6 5. c4 O-O 6. Nc3 Nc6 7. O-O a6 8. Re1
Rb8 9. Rb1 Na5 10. Qd3 c5 11. dxc5 Be6 12. cxd6 Bxc4 13. dxe7 Qxe7 14. Qe3 Be6
15. Nd4 Ng4 16. Qe4 Qf6 17. Be3 Nxe3 18. fxe3 Rfe8 19. Rf1 Bf5 20. Nxf5 Rxe4
21. Nh6+ Bxh6 22. Rxf6 Bxe3+ 23. Kh1 Re6 24. Rbf1 Rxf6 25. Rxf6 Bd4 26. Rd6 Be5
27. Rd7 Rc8 28. Bd5 Bxc3 29. bxc3 Rxc3 30. Rxf7 Rc5 31. Rd7+ Kf8 32. e4 Nc4 33.
Kg1 Nb6 34. Rf7+ Ke8 35. Bb3 Rc1+ 36. Kf2 Rc2+ 37. Ke3 Rc3+ 38. Kd4 Rxb3 39.
Rxb7 Rb2 40. e5 Rb5 41. Rxh7 Nd7 42. e6 Nf8 43. Ra7 Nxe6+ 44. Kc4 Ra5 45. Kb3
Nd4+ 46. Kb2 Nc6 47. Rg7 Ne7 48. Rh7 Kd7 49. Kb3 Rb5+ 50. Kc4 Kd6 51. Rh8 Nc6
52. h4 Rc5+ 53. Kb3 Re5 54. g4 Re3+ 55. Kc2 Re2+ 56. Kb3 Re3+ 57. Kb2 Rh3 58.
h5 gxh5 1/2-1/2

[Event "DEN-chT 0607"]
[Site "Denmark"]
[Date "2006.11.04"]
[Round "1.8"]
[White "Koch, Soren Andreas"]
[Black "Pape, Rasmus"]
[Result "1/2-1/2"]
[WhiteElo "2079"]
[BlackElo "2004"]
[PlyCount "43"]
[EventDate "2006.11.04"]
[EventType "team"]
[EventRounds "9"]
[EventCountry "DEN"]
[Source "ChessBase"]
[SourceDate "2007.02.01"]
[WhiteTeam "Nordkalotten"]
[BlackTeam "Helsinge"]
[WhiteTeamCountry "DEN"]
[BlackTeamCountry "DEN"]

1. d4 f5 2. Nf3 g6 3. g3 Nf6 4. Bg2 Bg7 5. O-O O-O 6. c4 d6 7. Nc3 Qe8 8. d5 a5
9. Nd4 Na6 10. b3 Nc5 11. Ncb5 Qd8 12. Bb2 Bd7 13. Qc2 Rc8 14. Bc3 b6 15. Rfd1
Qe8 16. e3 g5 17. Na7 Ra8 18. Nac6 Nfe4 19. b4 Nxc3 20. Qxc3 Bxc6 21. dxc6 axb4
22. Qxb4 1/2-1/2

[Event "DEN-chT 0607"]
[Site "Denmark"]
[Date "2006.11.05"]
[Round "2.1"]
[White "Hector, Jonny"]
[Black "Matthiesen, Martin"]
[Result "1-0"]
[WhiteElo "2508"]
[BlackElo "2342"]
[PlyCount "75"]
[EventDate "2006.11.04"]
[EventType "team"]
[EventRounds "9"]
[EventCountry "DEN"]
[Source "ChessBase"]
[SourceDate "2007.02.01"]
[WhiteTeam "Nordkalotten"]
[BlackTeam "SK 1968"]
[WhiteTeamCountry "DEN"]
[BlackTeamCountry "DEN"]

1. e4 e5 2. d4 exd4 3. Nf3 Nc6 4. Nxd4 Bc5 5. Be3 Qf6 6. c3 b6 7. Be2 Bb7 8.
O-O O-O-O 9. b4 Nxd4 10. cxd4 Bxb4 11. Qb3 Qe7 12. f3 d5 13. a3 Ba5 14. e5 f6
15. f4 Nh6 16. Nd2 Nf5 17. Bg4 g6 18. Qd3 Bxd2 19. Bxd2 Kb8 20. a4 fxe5 21.
fxe5 Qh4 22. Rf4 Qe7 23. Bxf5 gxf5 24. Rxf5 Rdf8 25. Bg5 Qd7 26. Bf6 Rhg8 27.
a5 Qc6 28. Rf2 Qc4 29. Qd1 Bc8 30. axb6 cxb6 31. Rc2 Qb4 32. Ra4 Qb5 33. Rca2
Rf7 34. Qa1 Bh3 35. R4a3 Rc7 36. Rxh3 Rgc8 37. Bg5 Qb4 38. Rf3 1-0